000 00474nam a22001817a 4500
005 20260424125112.0
008 260424b |||||||| |||| 00| 0 eng d
020 _qhbk
082 _a348.7348 UNI.159
245 _a United States Supreme Court Reports 159
250 _aLawyers
260 _aColorado Springs;
_bLexisnexis,
_c2003.
300 _axxxv,1007p.
_c;24cm.
490 _vVols.541 US(part) and 542 US
500 _aIndex
650 _aLaw
942 _cENGLISH
999 _c619700
_d619700